<?xml version="1.0" encoding="UTF-8"?>
<record
    xmlns:xsi="http://www.w3.org/2001/XMLSchema-instance"
    xsi:schemaLocation="http://www.loc.gov/MARC21/slim http://www.loc.gov/standards/marcxml/schema/MARC21slim.xsd"
    xmlns="http://www.loc.gov/MARC21/slim">

  <leader>01876    a2200253   4500</leader>
  <controlfield tag="001">120661</controlfield>
  <datafield tag="020" ind1=" " ind2=" ">
    <subfield code="a">9788582356111</subfield>
  </datafield>
  <datafield tag="040" ind1=" " ind2=" ">
    <subfield code="c">Escola Canadense de Niteroi</subfield>
  </datafield>
  <datafield tag="090" ind1=" " ind2=" ">
    <subfield code="a">PIM</subfield>
  </datafield>
  <datafield tag="100" ind1=" " ind2=" ">
    <subfield code="a">Pimenta, Paula</subfield>
  </datafield>
  <datafield tag="245" ind1="1" ind2="0">
    <subfield code="a">Fazendo meu filme: Fani na terra da rainha</subfield>
  </datafield>
  <datafield tag="250" ind1=" " ind2=" ">
    <subfield code="a">2.ed.</subfield>
  </datafield>
  <datafield tag="260" ind1=" " ind2=" ">
    <subfield code="a">S&#xE3;o Paulo</subfield>
  </datafield>
  <datafield tag="300" ind1=" " ind2=" ">
    <subfield code="a">328 p.</subfield>
    <subfield code="c">1 x 14 x 2 cm</subfield>
  </datafield>
  <datafield tag="362" ind1="0" ind2=" ">
    <subfield code="a">2022</subfield>
  </datafield>
  <datafield tag="490" ind1="0" ind2=" ">
    <subfield code="a">Fazendo meu filme</subfield>
  </datafield>
  <datafield tag="520" ind1=" " ind2=" ">
    <subfield code="a">Depois de conquistar milhares de leitores e leitoras, a nossa doce e querida Fani volta ainda mais divertida e encantadora. O segundo volume do livro Fazendo meu filme apresenta as aventuras de Estef&#xE2;nia Castelino Belluz na terra da rainha. Sim, na Inglaterra! Longe do grande amor, ela passa por momentos de alegria, dor, saudade, tristeza e, mais do que isso, pode conhecer melhor a si mesma. Sem deixar de lado suas amigas insepar&#xE1;veis e sua fam&#xED;lia, ela consegue, no outro continente, viver momentos cheios de suspense, revela&#xE7;&#xF5;es, aventuras, descobertas e emo&#xE7;&#xF5;es fort&#xED;ssimas! Feliz, triste, preocupada, ansiosa, temerosa, otimista, insegura, cheia de si, apaixonada, desiludida, seja como estiver, Fani mostra a cada p&#xE1;gina deste livro que n&#xE3;o &#xE9; mais aquela menina t&#xE3;o fr&#xE1;gil que muitas vezes se escondia por tr&#xE1;s de sua timidez.
Mais do que a hist&#xF3;ria de uma adolescente que se encoraja a fazer interc&#xE2;mbio e morar fora por um ano, este livro fala de um grande e delicado amor. Em meio a uma avalanche de sentimentos e acontecimentos surpreendentes, ela consegue viver intensamente na Inglaterra, conhecendo pessoas que conquistam seu cora&#xE7;&#xE3;o e sua amizade para toda a vida. Por&#xE9;m, o melhor filme de sua vida ainda est&#xE1; para ser contado, ou melhor, vivido&#x2026;</subfield>
  </datafield>
  <datafield tag="650" ind1=" " ind2="4">
    <subfield code="a">Literatura Infanto Juvenil</subfield>
  </datafield>
  <datafield tag="650" ind1=" " ind2="4">
    <subfield code="a">Vida Escolar</subfield>
  </datafield>
  <datafield tag="650" ind1=" " ind2="4">
    <subfield code="a">Sonhos</subfield>
  </datafield>
  <datafield tag="650" ind1=" " ind2="4">
    <subfield code="a">Amizade</subfield>
  </datafield>
  <datafield tag="650" ind1=" " ind2="4">
    <subfield code="a">Vida Adolescente</subfield>
  </datafield>
  <datafield tag="942" ind1=" " ind2=" ">
    <subfield code="c">BK</subfield>
  </datafield>
  <datafield tag="952" ind1=" " ind2=" ">
    <subfield code="0">0</subfield>
    <subfield code="1">0</subfield>
    <subfield code="4">0</subfield>
    <subfield code="7">0</subfield>
    <subfield code="a">80.1</subfield>
    <subfield code="b">80.1</subfield>
    <subfield code="d">2024-02-09</subfield>
    <subfield code="l">2</subfield>
    <subfield code="o">PIM</subfield>
    <subfield code="p">A29633</subfield>
    <subfield code="r">2024-04-10 15:31:46</subfield>
    <subfield code="s">2024-04-09</subfield>
    <subfield code="w">2024-02-09</subfield>
    <subfield code="y">BK</subfield>
  </datafield>
  <datafield tag="952" ind1=" " ind2=" ">
    <subfield code="0">0</subfield>
    <subfield code="1">0</subfield>
    <subfield code="2">ddc</subfield>
    <subfield code="4">0</subfield>
    <subfield code="7">0</subfield>
    <subfield code="a">57.2</subfield>
    <subfield code="b">57.2</subfield>
    <subfield code="d">2024-05-16</subfield>
    <subfield code="l">0</subfield>
    <subfield code="p">nt585</subfield>
    <subfield code="r">2024-05-16 11:23:52</subfield>
    <subfield code="w">2024-05-16</subfield>
    <subfield code="y">BK</subfield>
    <subfield code="z">estante red</subfield>
    <subfield code="u"></subfield>
  </datafield>
  <datafield tag="999" ind1=" " ind2=" ">
    <subfield code="c">120661</subfield>
    <subfield code="d">120661</subfield>
  </datafield>
</record>
